000 00232nam a2200085Ia 4500
008 170620s9999 xx 000 0 und d
100 _aReddy- R. Jayaprakash
245 0 _aResearch Methodology
260 _bNew Delhi- A.P.H. Publishing corporation
260 _c2005
999 _c24824
_d24824